• 首页
  • 本馆介绍
  • 公告通知
  • 最新文献
  • 馆藏检索
  • 电子资源
  • 读者导购
  • 参考咨询
  • 我的图书馆
  • 登录
  • 详细信息显示
  • 放入我的书架
  • 预约/预借图书
  • 作者相关作品
  • 分类相关作品
  • 丛书相关作品
  • 出版社相关作品

书目信息

  • 表格格式
  • 工作单格式
  • 卡片格式
题名:
中国海陆变迁、海域沉积相与油气
    
 
作者: 关士聪 著
分册:  
出版信息: 北京   科学出版社  1984
页数: 104页
开本: 39cm
丛书名:
单 册:
中图分类: P535.2
科图分类:
主题词: 沉积相-海相生油--中国 , 海相生油-沉积相--中国 , 地史学 , 地层学 , 地质学史
电子资源:
ISBN:
000 00805nam0 2200277 45
001 0184009448
005 20061122110548.79
010    @b精装@dCNY19.50
091    @aCN@b13031.2427
100    @a19950612d1984 em y0chiy0121 ea
101 0  @achi
102    @aCN@b110000
105    @ay z 000yy
200 10 @a中国海陆变迁、海域沉积相与油气@Azhong guo hai lu bian qian hai yu chen ji xiang yu you qi@e晚元古代-三叠纪@f关士聪等著@Fguan shi cong deng zhu
210    @a北京@c科学出版社@d1984
215    @a104页@d39cm
606    @a沉积相-海相生油@y中国
606    @a海相生油-沉积相@y中国
606 0  @a地史学
606 0  @a地层学
606 0  @a地质学史
690    @aP535.2@v3
701  0 @a关士聪@Aguan shi cong@4著
801  2 @aCN@bNLC@c20061122
801  0 @aCN@bTSSF
905    @a10447@dP535.2@e14
    
    中国海陆变迁、海域沉积相与油气:晚元古代-三叠纪/关士聪等著.-北京:科学出版社,1984
    104页;39cm
    
    
    ISBN (精装):CNY19.50
    
●
相关链接 在E读中查询图书 在五车中查询图书 在当当中查询图书 在豆瓣中查询图书


正题名:中国海陆变迁、海域沉积相与油气     索取号:P535.2/14         预约/预借

序号 登录号 条形码 馆藏地/架位号 状态 备注
1 0122378   001472016   第二样本阅览室/ [索取号:P535.2/14] 在馆    
唐山师范学院图书馆 欢迎您!
大连网信软件有限公司© 版权所有